Online
Catalog

Abraham Lincoln : (Record no. 35820)

MARC details
000 -CABECERA
campo de control de longitud fija 00624nam a2200169 a 4500
001 - NÚMERO DE CONTROL
campo de control 000036329
005 - FECHA Y HORA DE LA ÚLTIMA TRANSACCIÓN
campo de control 20200930075654.0
008 - DATOS DE LONGITUD FIJA--INFORMACIÓN GENERAL
campo de control de longitud fija 120113s1969 mx 000 0bspa d
040 ## - FUENTE DE LA CATALOGACIÓN
Centro catalogador/agencia de origen DO-SdBNP
Lengua de catalogación spa
Centro/agencia transcriptor BNPHU
100 1# - ENTRADA PRINCIPAL--NOMBRE DE PERSONA
Nombre de persona Lincoln, Abraham
9 (RLIN) 62488
245 10 - MENCIÓN DE TÍTULO
Título Abraham Lincoln :
Resto del título ensayos /
Mención de responsabilidad, etc. Abraham Lincoln ; recopilación e introducción de Don E. Fehrenbacher ; traducido por Luisa María Álvarez.
260 ## - PUBLICACIÓN, DISTRIBUCIÓN, ETC.
Lugar de publicación, distribución, etc. México :
Nombre del editor, distribuidor, etc. Pax-México,
Fecha de publicación, distribución, etc. 1969.
300 ## - DESCRIPCIÓN FÍSICA
Extensión xxxi, 279 p. ;
Dimensiones 21 cm.
600 14 - PUNTO DE ACCESO ADICIONAL DE MATERIA--NOMBRE DE PERSONA
Nombre de persona LINCOLN, ABRAHAM
9 (RLIN) 62489
700 1# - PUNTO DE ACCESO ADICIONAL--NOMBRE DE PERSONA
Nombre de persona Fehrenbacher, Don E.,
Término indicativo de función/relación comp.
9 (RLIN) 62490
700 1# - PUNTO DE ACCESO ADICIONAL--NOMBRE DE PERSONA
Nombre de persona Álvarez, Luisa María,
Término indicativo de función/relación trad.
9 (RLIN) 47398
Holdings
Estado de retiro Estado de pérdida Restricciones de uso No para préstamo Código de colección Localización permanente Ubicación/localización actual Ubicación en estantería Fecha de adquisición Número de inventario Total de préstamos Signatura topográfica completa Código de barras Fecha visto por última vez Precio válido a partir de Tipo de ítem Koha
      Excluido de préstamo Monografías: Libros y Folletos General General En catalogación 13.01.2012 LF1   36330-10 25.06.2020 25.06.2020 No se presta

Powered by Koha